• 首页
  • 本馆介绍
  • 公告通知
  • 最新文献
  • 馆藏检索
  • 电子资源
  • 读者导购
  • 参考咨询
  • 我的图书馆
  • 登录
  • 详细信息显示
  • 放入我的书架
  • 预约/预借图书
  • 作者相关作品
  • 分类相关作品
  • 丛书相关作品
  • 出版社相关作品

书目信息

  • 表格格式
  • 工作单格式
  • 卡片格式
题名:
根艺
    
 
作者: 毛亚萍 主编
分册:  
出版信息: 长春   吉林文史出版社  2006
页数: 187页
开本: 21cm
丛书名: 中外艺术精粹
单 册:
中图分类: J314.2
科图分类:
主题词: 根雕--基本知识--中国 , 根雕
电子资源:
ISBN: 7-80702-248-5
000 00804oam2 2200265 45
001 012006042901
005 20070103163744.21
010    @a7-80702-248-5@dCNY29.80
092    @aCN@b492771
100    @a20060429d2006 em y0chiy0120 ea
101 0  @achi
102    @aCN@b220000
105    @ay z 000yy
200 1  @a根艺@Agen yi@f毛亚萍主编@Fmao ya ping zhu bian
210    @a长春@c吉林文史出版社@c吉林音像出版社@d2006
215    @a187页@d21cm
225 2  @a中外艺术精粹
330    @a本书主要内容:根雕艺术概述;根雕艺术基本知识;中国根艺发展史;根艺的美学原则;中国根艺的特点等。
461  0 @12001 @a中外艺术精粹
606 0  @a根雕@x基本知识@y中国
606 0  @a根雕
690    @aJ314.2@v4
701  0 @a毛亚萍@Amao ya ping@4主编
801  0 @aCN@bLZJBOOK@c20070103
905    @a10447@dJ314.2@e18
    
    根艺/毛亚萍主编.-长春:吉林文史出版社:吉林音像出版社,2006
    187页;21cm.-(中外艺术精粹)
    
    
    ISBN 7-80702-248-5:CNY29.80
    本书主要内容:根雕艺术概述;根雕艺术基本知识;中国根艺发展史;根艺的美学原则;中国根艺的特点等。
●
相关链接 在E读中查询图书 在五车中查询图书 在当当中查询图书 在豆瓣中查询图书


正题名:根艺     索取号:J314.2/18         预约/预借

序号 登录号 条形码 馆藏地/架位号 状态 备注
1 0561113   205611131   第一样本阅览室/ [索取号:J314.2/18] 在馆    
2 0561114   205611140   第一借阅区/ [索取号:J314.2/18] 在馆    
3 0561115   205611159   第一借阅区/ [索取号:J314.2/18] 在馆    
4 0561116   205611168   第一借阅区/ [索取号:J314.2/18] 在馆    
5 0561117   205611177   第一借阅区/ [索取号:J314.2/18] 在馆    
6 0561118   205611186   第一借阅区/ [索取号:J314.2/18] 在馆    
7 0561119   205611195   第一借阅区/ [索取号:J314.2/18] 在馆    
唐山师范学院图书馆 欢迎您!
大连网信软件有限公司© 版权所有